| 000 | 00735nas a22002177a 4500 | ||
|---|---|---|---|
| 005 | 20260526150532.0 | ||
| 008 | 260526b20082010porz||j| z||| 00| z|por|| | ||
| 040 | _cBR-ViAPE | ||
| 245 | _aprazer&cia.AG | ||
| 260 |
_aVitória _bA Gazeta _c2008-2010 |
||
| 300 |
_av. _bil. |
||
| 310 | _aIrregular | ||
| 362 | _a 7 nov. 2008 - 2 jul. 2010. | ||
| 500 | _aDisponibilizada apenas a imagem da capa na versão digital, em virtude de restrições de direitos autorais. | ||
| 500 | _aColeção incompleta: disponíveis apenas alguns números do periódico. | ||
| 650 |
_aGastronomia _xTurismo _xHotelaria _zEspírito Santo |
||
| 651 |
_aEspírito Santo (Brasil) _vPeriódicos |
||
| 710 | _aA Gazeta | ||
| 942 |
_2ddc _cPER _n1 |
||
| 999 |
_c716 _d716 |
||